00519nam a2200145Ia 4500020001400000082002000014100002000034245007200054260003900126300001000165504005700175650003900232650005000271650005200321 a076199777 a323.15493 GHO-E aGhosh, Partha S 0aEthnicity versus Nationalism: the devolution discourse in Sri Lanka aNew DelhibSage Publicationsc2003 a501p. aInclude appendices, bibliography, glossary and index aSri LankavPolitics and government aEthnicityvPolitics and governmentzSri Lanka aNationalismvPolitics and governmentzSri Lanka